000 00181 a2200097 4500
001 5108
100 _aBrown,RC
245 _aLight
260 _a
_bLongmans
_c
090 _c4251
_d4251
942 _aNUST-CAE
_cM
_c30547
999 _c240181
_d240181